| 000 | 00495nam a2200181Ia 4500 | ||
|---|---|---|---|
| 003 | OSt | ||
| 005 | 20260130120456.0 | ||
| 008 | 210210b1948 xxu||||| |||| 00| 0 eng d | ||
| 040 | _cAL | ||
| 041 | _aKannada | ||
| 082 | _a853/264 | ||
| 100 |
_aBETADURA (K S) _9161408 _dಬೆಟದೂರ (ಕೆ ಎಸ್). |
||
| 245 |
_aStriratna: _bಸ್ತ್ರೀರತ್ನ |
||
| 260 |
_aHubballi _bCity Book Depot., _c1948 |
||
| 690 |
_aKannada Drama _9161409 |
||
| 906 | _a019538 | ||
| 942 |
_2ddc _cBK |
||
| 999 |
_c143668 _d143668 |
||